Imiona nadane dziewczynkom w 2014 roku - Statystyki

Ogólne statystyki
  • Ten quiz został rozwiązany 26 razy
  • Średni wynik to 74 z 100
Statystyki odpowiedzi
Odpowiedź % Poprawnych
H Hanna
100%
Z Zofia
100%
B Barbara
94%
D Daria
94%
J Julia
94%
L Laura
94%
L Lena
94%
N Natalia
94%
A Aleksandra
88%
A Alicja
88%
A Anna
88%
D Dorota
88%
E Emilia
88%
I Iga
88%
I Izabela
88%
M Maja
88%
M Maya
88%
N Nicola
88%
N Nikola
88%
O Olivia
88%
O Oliwia
88%
U Urszula
88%
Z Zuzanna
88%
A Agata
81%
A Amelia
81%
A Aurelia
81%
B Blanka
81%
D Dominika
81%
E Ewa
81%
K Klara
81%
K Kornelia
81%
M Maria
81%
M Marianna
81%
M Marta
81%
M Milena
81%
N Nadia
81%
N Nina
81%
P Patrycja
81%
P Paulina
81%
P Pola
81%
S Sandra
81%
S Sara
81%
V Vanessa
81%
V Victoria
81%
W Weronika
81%
W Wiktoria
81%
A Adrianna
75%
E Eliza
75%
G Gabriela
75%
H Helena
75%
J Jagoda
75%
J Joanna
75%
K Kaja
75%
K Kamila
75%
K Kinga
75%
K Klaudia
75%
L Lilianna
75%
Ł Łucja
75%
M Martyna
75%
R Róża
75%
A Ada
69%
A Agnieszka
69%
A Aniela
69%
A Anita
69%
A Antonina
69%
B Bianka
69%
D Diana
69%
E Ewelina
69%
I Inga
69%
K Kalina
69%
K Karolina
69%
K Katarzyna
69%
L Lidia
69%
M Magdalena
69%
M Małgorzata
69%
M Malwina
69%
M Marcelina
69%
M Matylda
69%
M Michalina
69%
R Roksana
69%
R Rozalia
69%
J Julita
63%
K Karina
63%
L Liliana
63%
L Liwia
63%
N Nela
63%
O Olga
63%
A Anastazja
56%
J Justyna
56%
M Marlena
56%
M Monika
56%
D Dagmara
50%
E Emma
50%
N Natasza
50%
N Nicole
50%
A Apolonia
38%
E Elena
38%
M Marika
38%
M Mia
38%
J Jessica
31%
Nie znaleziono quizów pasujących do podanych kryteriów
Rozkład punktacji
Procent ludzi z każdym wynikiem
Percentyl według liczby udzielonych odpowiedzi
Twoja historia wyników
Nie rozwiązałeś tego quizu